| 000 | 00610nam a2200229Ia 4500 | ||
|---|---|---|---|
| 003 | OSt | ||
| 005 | 20220928113707.0 | ||
| 006 | a|||||r|||| 00| 0 | ||
| 007 | ta | ||
| 008 | 220927b |||||||| |||| 00| 0 eng d | ||
| 024 | _a58470 | ||
| 037 | _cTextual | ||
| 040 |
_aSDCL _cSDCL _beng |
||
| 041 |
_2eng _aeng |
||
| 082 | _aY9(W), M3 | ||
| 100 |
_aLeetwich Adrian _9434525 |
||
| 245 | 0 |
_aRedefining politics _b People resources and power |
|
| 260 |
_aNew York _b Methuen |
||
| 300 |
_avii,307p _ccm. |
||
| 942 |
_hY9(W), M3 _cTEXL _2CC |
||
| 999 |
_c750847 _d750847 |
||